LEADER 00865nam a2200217 i 4500 001 000000206263 003 CaOOAMICUS 005 20111017000000.0 008 111017s1964 fr u000 u fre u 013 $a185024 040 $aSeMil$bita 245 13$aDe Saint Thomas à Karl Barth. 300 $a400 p. 490 0 $aTravaux de l'Institut Catholique de Paris ;$v6 500 $aContiene : Bibliographie [sezioni]. 700 1 $aVillette, Louis.$0(OLS)http://semarc/name/11358 773 0 $aVillette, Louis$tFoi et sacrement.$dParis : Bloud & Gay, copyr. 1959-copyr. 1964.$g[2$w()25584 830 0$aTravaux de l'Institut Catholique de Paris ;$v6.$0(OLS)http://semarc/title/29458 850 $aSeMil 852 $aSeMil$W1$xVenegono$y1$m2E IV 91$j156746$B156746$CSeMilBibl$Z2$F167981 $81 996 $6245$aDe Saint Thomas à Karl Barth$9(OLS)http://semarc/title/298425 LEADER 00727nam a2200205 i 4500 001 000000099215 003 CaOOAMICUS 005 20180830171852.0 008 180830s1980 xx u000 u und u 013 $a71367 040 $aSeMil$bita 100 1 $aAsaro Mazzola, Gigliola.$0(OLS)http://semarc/name/43206 245 10$aGramsci fuori dal mito. 260 $aRoma :$bArmando,$c1980. 300 $a200 p. 600 14$aGramsci, Antonio <1891-1937>.$0(OLS)http://semarc/subject/9163 850 $aSeMil 852 $aSeMil$W1$xVenegono$y1$m90 7 42 *$j56802$B56802$CSeMilBibl$Z2$F66726 $81 996 $6245$aGramsci fuori dal mito$9(OLS)http://semarc/title/146810 996 $6260$aRoma :$bArmando$9(OLS)http://semarc/publisher/29857